Azul casi transparente

Gespeichert in:
Bibliographische Detailangaben
1. Verfasser: Murakami, Ryu (autor)
Format: Buch
Sprache:Spanisch
Veröffentlicht: Barcelona Anagrama 1997
Schlagworte:
Tags: Tag hinzufügen
Keine Tags, Fügen Sie den ersten Tag hinzu!

MARC

LEADER 00000nam a2200000 a 4500
001 UCR5016
003 CL-VaPUC
008 980320e19970000SP |||||||||||||||||spa|d
082 0 4 |a 895.603  |b MUR  |2 21 
100 |a Murakami, Ryu  |e autor  |9 405656 
245 1 0 |a Azul casi transparente 
300 |a 143 p 
942 |c BK 
945 |d 19980320 00:00:00  |a rbrito 
260 |a Barcelona  |b Anagrama  |c 1997 
650 7 |a NOVELAS JAPONESAS  |2 CL-VaPUC  |9 405657 
583 |a last modification  |c 19980320 00:00:00  |k Rodrigo Vera 
999 |c 267763  |d 267761